Firemná komunikácia v dopravnej organizácii

Stratégia a marketingový prístup dopravnej spoločnosti. Nevyhnutnosť komunikácie so zákazníkmi. Zásady komunikácie v dopravnom podniku a poznávanie potrieb zákazníkov. Interná komunikácia v dopravnom podniku Železničná spoločnosť a.s. Externá komunikácia a prezentácia na verejnosti.

Guardado en:
Detalles Bibliográficos
Autor principal: Bieliková, Alžbeta
Otros Autores: Bartošová, Viera, Majerčák, Peter
Formato: Capítulo de libro
Lenguaje:eslovaco
Materias:
Etiquetas: Agregar Etiqueta
Sin Etiquetas, Sea el primero en etiquetar este registro!

MARC

LEADER 00000naa$a2200000$$$4500
001 0020505
005 20230825085955.3
041 0 |a slo 
044 |a SK 
245 1 0 |a Firemná komunikácia v dopravnej organizácii  |c Alžbeta Bieliková, Viera Bartošová, Peter Majerčák 
520 |a Stratégia a marketingový prístup dopravnej spoločnosti. Nevyhnutnosť komunikácie so zákazníkmi. Zásady komunikácie v dopravnom podniku a poznávanie potrieb zákazníkov. Interná komunikácia v dopravnom podniku Železničná spoločnosť a.s. Externá komunikácia a prezentácia na verejnosti. 
610 2 0 |a doprava 
610 2 0 |a doprava železničná 
610 2 0 |a firmy 
610 2 0 |a marketing 
610 2 0 |a komunikácia externá 
610 2 0 |a komunikácia interná 
610 2 0 |a komunikácia firemná 
610 2 0 |a klienti 
610 2 0 |a služby dopravné 
610 2 0 |a zákazníci 
100 1 |a Bieliková, Alžbeta 
700 1 |a Bartošová, Viera 
700 1 |a Majerčák, Peter